| 000 | 02694cgm a2200625Ia 4500 | ||
|---|---|---|---|
| 001 | 38246 | ||
| 005 | 20230410123815.0 | ||
| 007 | vd cgaizq | ||
| 008 | 000416s2000 cau110 vleng d | ||
| 035 | _a(OCoLC)ocm43864112 | ||
| 040 |
_aUAP _cUAP _dOCL _dEMU _dOCLCQ _dRCS _dOCLCQ _dVP@ _dBTCTA |
||
| 020 |
_a0790744554 : _c$24.98 |
||
| 020 | _a9780790744551 | ||
| 028 | 4 | 2 |
_a65077 _bWarner Home Video |
| 035 | _a(OCoLC)43864112 | ||
| 041 | 1 |
_aeng _afre _beng _bfre _heng |
|
| 043 |
_an-us--- _an-us-md |
||
| 050 | 1 | 4 | _aCM DVD 00276 |
| 082 | 0 | 4 |
_a791.43/72 _222 |
| 049 | _aGRAL | ||
| 245 | 0 | 0 |
_aDiner _h[videorecording] / _cMetro-Goldwyn-Mayer. |
| 260 |
_aCulver City, CA : _bWarner Home Video, _cc2000. |
||
| 300 |
_a1 videodisc (110 min.) : _bsd., col. ; _c4 3/4 in. |
||
| 538 | _aDVD, widescreen presentation. | ||
| 546 | _aEnglish or French language with optional subtitles in English and French. | ||
| 546 | _aClosed-captioned for the hearing impaired. | ||
| 511 | 1 | _aSteve Guttenberg, Daniel Stern, Mickey Rourke, Kevin Bacon, Timothy Daly, Ellen Barkin, Paul Reiser. | |
| 508 | _aProduced by Jerry Weintraub ; written and directed by Barry Levinson ; executive producer, Mark Johnson. | ||
| 500 | _aOriginally released as a motion picture in 1982. | ||
| 500 | _aSpecial features include: Behind-the-scenes documentary Diner : on the flip side and all-new introduction featuring writer/director Barry Levinson and the film's stars ; interactive menus ; 2 theatrical trailers ; scene access. | ||
| 520 | _aSet in 1959, a band of long-time buddies since high school gather at a local diner to share their escapades and make sense of their lives. As one by one they drift off to join the mainstream of life they still cling to their shared boyhood dreams. | ||
| 521 | 8 | _aMPAA rating: R. | |
| 650 | 0 |
_aYoung adults _zUnited States _vDrama. |
|
| 650 | 0 |
_aMale friendship _zUnited States _vDrama. |
|
| 651 | 0 |
_aBaltimore (Md.) _vDrama. |
|
| 651 | 0 |
_aUnited States _xSocial life and customs _y1945-1970 _vDrama. |
|
| 650 | 0 |
_aNineteen fifties _vDrama. |
|
| 655 | 0 | _aFeature films. | |
| 655 | 0 | _aVideo recordings for the hearing impaired. | |
| 700 | 1 | _aLevinson, Barry. | |
| 700 | 1 | _aWeintraub, Jerry. | |
| 700 | 1 |
_aGuttenberg, Steve, _d1958- |
|
| 700 | 1 |
_aStern, Daniel, _d1957- |
|
| 700 | 1 | _aRourke, Mickey. | |
| 700 | 1 |
_aBacon, Kevin, _d1958- |
|
| 700 | 1 |
_aDaly, Tim, _d1956- |
|
| 700 | 1 |
_aBarkin, Ellen, _d1954- |
|
| 700 | 1 | _aReiser, Paul. | |
| 710 | 2 | _aWarner Home Video (Firm) | |
| 710 | 2 | _aMetro-Goldwyn-Mayer. | |
| 740 | 0 | 2 | _aDiner : on the flip side. |
| 938 |
_aBaker and Taylor _bBTCP _nbe2002005379 |
||
| 942 |
_2lcc _cdvd |
||
| 994 |
_aC0 _bDRFGD |
||
| 999 |
_c66692 _d66692 |
||